| 000 | 00817nas a2200253 4500 | ||
|---|---|---|---|
| 001 | BR9801060 | ||
| 003 | BR-BrBNA | ||
| 005 | 20231205100931.0 | ||
| 007 | ta | ||
| 008 | 230509b bl.|||p| |||| 00| 00por d | ||
| 040 |
_aBR-BrBNA _bpor _cBiblioteca Nacional de Agricultura |
||
| 041 | _a(Pt) | ||
| 072 | _aF01 | ||
| 100 | 1 | _aSilva, N.F. da | |
| 100 | 1 | _aBorges, J.D. | |
| 100 | 1 | _aCarneiro, I.F. | |
| 245 | 1 | _aEfeito da cobertura morta no crescimento e na producao do alho (Allium sativum L.) | |
| 650 | _aAlho | ||
| 650 | _aProducao Vegetal | ||
| 650 | _aCobertura Morta | ||
| 773 | 0 |
_tAnais da Escola de Agronomia e Veterinaria - Universidade Federal de Goias (Brazil) _xISSN 0100-218X _g(Jan-Dec 1994), v. 24(1) p. 129-134 _wBR9801060 |
|
| 909 |
_a202311 _bLúcia _c55 _dLúcia Elande |
||
| 942 |
_2AGRIS _n0 _cANA |
||
| 999 |
_c158860 _d158860 |
||